000 005030000a22001810004500
020 _a0-87784-581-6
041 0 _aENG
082 0 4 _aG 261.5 S9729h
100 1 _aSwanstrom, Roy
245 1 0 _ahistory in the making : An introduction to the study of the past / Roy Swanstrom
260 _aDowners Grove, ILL., USA : InterVarsity
300 _a137 Pag
001 6797
942 _cBK
999 _c37057
_d37057
336 _atexto
_btxt
_2rdacontent
337 _2rdamedia
_asin mediación
_bn
338 _2rdacarrier
_avolumen
_bnc